000
00261nam a22001217a 4500
008
181010b xxu||||| |||| 00| 0 eng d
041
_a
eng
080
_a
371
100
_a
25
101
_a
EDU
245
_a
Practically Speaking
_c
Brinko,K.T
942
_2
udc
_c
BK
999
_c
49251
_d
49251